000 01019nam a22003257a 4500
001 00052784531
003 DO-SdBPM
005 20250519102342.0
007 ta
008 161205b2008 sp a |||| 00| 0 spa d
020 _a9789876080200
040 _aDO-SdBPM
_bspa
_cBPMSU
_erda
082 4 _a 808.83
_bS628L 2008
_222
100 1 _a Skilton, Graciela
_d
245 1 3 _aEl libro de las hadas y las princesas /
_c Graciela Skilton ; dibujos Daniel Cabral
246 1 4 _aHadas y princesas
264 _aArgentina :
_bLexus,
_c2008
300 _a190 p. :
_bil. ;
_c28 cm.
336 _atexto
_btxt
_2rdacontent
337 _a sin mediación
_bn
_2rdamedia
338 _avolumen
_bnc
_2rdacarrier
590 _aInventariado, 2025/VM
650 7 _aCuentos infantiles
_vAdaptaciones
_3
650 7 _aPrincesas
_vCuentos infantiles.
650 7 _a Libros ilustrados para niños.
700 1 _a Cabral, Daniel
_edibujo
710 2 _aLexus
910 _a VMateo V. Control de calidad. BPMSU
942 _2ddc
_cBK
999 _c15060
_d15060